Southville International School and Colleges
Your cart is empty.
  • Cart
  • Lists
    Public lists Eva Luna New books Lux_list list_1
    Your lists Log in to create your own lists
  • Log in to your account
  • Your cookies
  • Search history
Southville International School and Colleges
  • Advanced search
  • Recent comments
  • Most popular
  • Libraries

Log in to your account

Log in with GOOGLE


If you do not have an external account, but do have a local account, you can still log in:

  1. Home
  2. MARC view: Energy resources /
Normal view MARC view ISBD view

Energy resources / (Record no. 114904)

[ view plain ]
MARC details
000 -LEADER
fixed length control field 00691nam a2200193 a 4500
005 - DATE AND TIME OF LATEST TRANSACTION
control field 20140414132116.0
008 - FIXED-LENGTH DATA ELEMENTS--GENERAL INFORMATION
fixed length control field 111011s19uu xx 00 eng d
020 ## - INTERNATIONAL STANDARD BOOK NUMBER
International Standard Book Number 9780750260909
050 ## - LIBRARY OF CONGRESS CALL NUMBER
Classification number REF 333.79
Item number G41 2011
100 ## - MAIN ENTRY--PERSONAL NAME
Personal name Gillett, Jack.
245 ## - TITLE STATEMENT
Title Energy resources /
Statement of responsibility, etc Jack and Meg Gillett ; with contributions by Richard and Louise Spilsbury.
260 ## - PUBLICATION, DISTRIBUTION, ETC. (IMPRINT)
Place of publication, distribution, etc London :
Name of publisher, distributor, etc Wayland,
Date of publication, distribution, etc 2011.
300 ## - PHYSICAL DESCRIPTION
Extent 32 p. : col. ill., col. maps ;
440 ## - SERIES STATEMENT/ADDED ENTRY--TITLE
Title Maps of the environmental world
500 ## - GENERAL NOTE
General note Includes index.
650 ## - SUBJECT ADDED ENTRY--TOPICAL TERM
Topical term or geographic name as entry element Power resources
General subdivision Environmental aspects
-- Juvenile literature.
650 ## - SUBJECT ADDED ENTRY--TOPICAL TERM
Topical term or geographic name as entry element Power resources
General subdivision Environmental aspects
-- Maps for children.
Holdings
Withdrawn status Lost status Damaged status Use restrictions Home library Current library Shelving location Date acquired Source of acquisition Cost, normal purchase price Total Checkouts Full call number Barcode Date last seen Price effective from Koha item type
        Munich Library Munich Library Reference Section 10/11/2011   2013.00   REF 333.79 G41 2011 M6840 04/14/2014 04/14/2014 Books

Energy resources /

APA

Gillett J., . (2011). Energy resources. London: Wayland.

Chicago

Gillett Jack, . 2011. Energy resources. London: Wayland.

Harvard

Gillett J., . (2011). Energy resources. London: Wayland.

MLA

Gillett Jack, . Energy resources. London: Wayland. 2011.

  • Place hold
  • Print
  • Cite
  • Add to your cart (remove)
  • Save record
    BIBTEX Dublin Core MARCXML MARC (non-Unicode/MARC-8) MARC (Unicode/UTF-8) MARC (Unicode/UTF-8, Standard) MODS (XML) RIS
  • More searches
    Search for this title in:
    Other Libraries (WorldCat) Other Databases (Google Scholar) Online Stores (Bookfinder.com) Open Library (openlibrary.org)

Exporting to Dublin Core...

SOUTHVILLE LIBRARY

Southville International School and Colleges Library

1281 Tropical Ave. Cor. Luxembourg St., BF Homes International, Las Pinas City

Tel. No. 8256374 / 252358 Loc. 117/146

Powered by Koha